000 01722nam a22004337a 4500
003 CHAP
005 20220329143454.0
008 091201s2009 mx r 00010 spa d
010 _a97167
011 _a98139
035 _a108822
040 _cCHAP
090 _aTesis
100 1 _aMay Canche, Ángel Alberto.
_973172
245 1 0 _aEstudio de salinidad de los suelos del Distrito de Riego No. 24, Cienega de Chapala, Michoacan
_c/por Ángel Alberto May Canche y José Manuel Rodríguez Gil
260 _aChapingo, Méx. :
_bEl autor,
_c2009
300 _avii, 90 h. :
_bilus., gráfs., mapas
502 _aTesis (Ing. Agr. Esp. en Suelos) -- UACH. Departamento de Suelos
530 _aTambién disponible en línea
590 _aALEPH
_b10
_c20130110
_lUCH01
_h1531
590 _aBATCH-UPD
_b10
_c20130110
_lUCH01
_h1034
590 _aBATCH-UPD
_b10
_c20130410
_lUCH01
_h0636
590 _aBATCH-UPD
_b10
_c20130913
_lUCH01
_h2156
590 _aBATCH-UPD
_b10
_c20140324
_lUCH01
_h1513
590 _aBATCH-UPD
_b10
_c20141002
_lUCH01
_h0840
590 _aCONVERSION
_b10
_c20130109
_lUCH01
_h1354
650 1 4 _aAgricultura de temporal.
_91999
650 1 4 _aDistrito de Riego Ciénega de Chapala, Mich.
_932855
650 1 4 _aGeografía
_xMétodos estadísticos.
_947556
650 1 4 _aMuestreo de suelos.
_979287
650 1 4 _aSuelos salinos.
_9110558
650 1 4 _aSuelos
_xMichoacán.
_9110433
700 1 _aRodriguez Gil, José Manuel.
_998256
856 _3Finding aid
_uhttp://10.13.5.2/tesis/108822.pdf
_zTeclea aqui
901 _aBK
942 _cFOLL
949 _aTesis
_bBC
_cTES
_d33724002133496
_eTS1
_gDonaciØn
_h49770
_i108822
_sb
949 _aTesis
_bBC
_cTES
_d33724002133538
_eTS2
_fc.2
_gDonaciØn
_h49771
_i108822
_sb
999 _c97167
_d97167